000 00386nam a2200133 i 4500
001 bg
100 1 _aRUDNICKI, Stanisław
245 0 _aPrawo cywilne :
_bprzepisy szczegółowe, przepisy zniszkowe, stan prawny na dzień 1.VII.1973 /
_cStanisław Rudnicki.
260 _aWarszawa,
_c1973.
040 _cBPK
041 _apol
942 _cKS
008 s pl f |000 0 pol
999 _c26663
_d26663
856 _uhttp://koha.tu.koszalin.pl/cgi-bin/koha/opac-detail.pl?biblionumber=26663
_yKatalog online BPK